الفهرسة الوصفية للمكتبات المدرسية / (رقم التسجيلة. 3879)
[ عرض عادي ]
| 000 -الفاتح | |
|---|---|
| عناصر البيانات ثابتة الطول | 00732cam a2200181 i 4500 |
| 005 - تاريخ ووقت آخر معاملة | |
| حقل ضبط | 20251108164117.0 |
| 008 - عناصر البيانات ثابتة الطول | |
| عناصر البيانات ثابتة الطول | 250721s1995 xx 000 0 ara d |
| 082 14 - رقم تصنيف ديوي العشري | |
| رقم التصنيف | 025.347 |
| رقم المادة | خ ل ي |
| 100 1# - مدخل رئيسي – اسم شخصي | |
| الاسم الشخصي | خليفه، شعبان عبد العزيز |
| علاقة الشخص بالعمل/ دوره | مؤلف. |
| 245 10 - بيان العنوان | |
| العنوان | الفهرسة الوصفية للمكتبات المدرسية / |
| بيان المسؤولية | تأليف أ.د. شعبان عبد العزيز خليفة. أ.محمد عوض العايدي. |
| 250 ## - بيان الطبعة | |
| بيان الطبعة | الطبعة الأولى. |
| 264 1# - بيانات النشر، التوزيع…إلخ | |
| مكان النشر، التوزيع...إلخ | القاهرة : |
| اسم الناشر، الموزع...إلخ | المكتبه الأكاديميه، |
| تاريخ النشر، التوزيع...إلخ | 1995. |
| 300 ## - الوصف المادي | |
| عدد الوحدات المكونة للوعاء | 787 صفحة. |
| 650 17 - مدخل إضافي بالموضوع - مصطلح موضوعي | |
| مصطلح موضوعي أو اسم جغرافي كعنصر مدخل | الفهرسة الوصفية. |
| 700 1# - مدخل إضافي - اسم شخصي | |
| الاسم الشخصي | العايدي، محمد عوض. |
| علاقة الشخص بالعمل/ دوره | مؤلف. |
| 942 ## - بيانات إضافية (كوها) | |
| نوع التنصيف | Dewey Decimal Classification |
| نوع المادة (كوها) | كتب |
| حالة السحب | حالة الفقدان | مصدر التصنيف | حالة التلف | غير قابل للإعارة | المكتبة الرئيسية | المكتبة الحالية | موقع الرف | تاريخ التزويد | الرقم المتسلسل | Total Checkouts | رقم الإستدعاء | الباركود | تاريخ آخر ظهور | تاريخ الفاتورة | نوع المادة (كوها) |
|---|---|---|---|---|---|---|---|---|---|---|---|---|---|---|---|
| Dewey Decimal Classification | المكتبة المركزية | المكتبة المركزية | الإعارة | 28/07/2025 | 1567907 | 025.347 / خ ل ي | PLD00233700 | 28/07/2025 | 28/07/2025 | كتب |